| 000 | 00396nam a2200133Ia 4500 | ||
|---|---|---|---|
| 008 | 240719s9999 xx 000 0 und d | ||
| 041 | _aeng | ||
| 082 | _a791.456 STE | ||
| 100 | _aSTE | ||
| 245 | _aTop Of The Morning Inside The Cutthroat World Of Morning TV | ||
| 260 |
_aNew York _bGrand Central Publishing, _c2013 |
||
| 300 | _a312.; P 23 Cm | ||
| 520 | _aGifted By : IMT Faculty Dr. Pawan Jain | ||
| 999 |
_c41280 _d41280 |
||